00492nam a2200205Ia 4500008004100000020001800041050001600059100002200075245002300097245002500120260001500145260001600160260000900176300001500185300002600200300001000226300003600236440000600272500000800278170918s9999 xx 000 0 und d a9780545560191 bS857mi 2012 aStilton, Geronimo 4aThe lake monster / cby Geronimo Stilton. aNew York : bScholastic, c2012 a76 pages : bcolor illustrations ; c19cm. eGeronimo Stilton Mini Mystery ; a2 a580